[Event "Biel MTO op"]
[Site "Biel"]
[Date "2000.08.01"]
[Round "8"]
[White "Pelletier, Yannick"]
[Black "Rashkovsky, Nukhim N"]
[Result "1-0"]
[WhiteElo "2474"]
[BlackElo "2508"]
[Annotator "Pelletier,Y"]
[PlyCount "85"]
[EventDate "2000.07.24"]
[EventType "swiss"]
[EventRounds "11"]
[EventCountry "SUI"]
[SourceTitle "CBM 077 Extra"]
[Source "ChessBase"]
[SourceDate "2000.09.14"]
[SourceVersion "1"]
[SourceVersionDate "2000.09.14"]
[SourceQuality "1"]

1. Nf3 Nf6 2. c4 e6 3. Nc3 Bb4 4. g3 Bxc3 5. bxc3 O-O 6. Bg2 d6 7. d3 e5 8. e4
{Bei solcher Bauernstruktur bekommt Weiss gute Angriffsperspektiven am
Königsflügel. Dafür muss natürlich der Vorstoss f4 kommen.} ({Falls} 8. O-O {
könnte Schwarz mittels} e4 $5 9. Nd4 Re8 {versuchen, die gegnerischen
Absichten durchzukreuzen.}) 8... Nbd7 (8... Bg4 9. h3 Bxf3 10. Qxf3 Nbd7 11.
O-O Nc5 12. Qe2 $14 {[%cal Gf2f4]}) 9. O-O Nc5 10. Ne1 b5 {Schwarz versteht,
dass es bei normaler Spielweise schnell schiefgehen kann. Deshalb opfert er
einen Bauern, um Weiss am Damenflügel zu beschäftigen.} (10... a6 11. f4 $36 {
, und Schwarz kommt nach} b5 12. fxe5 dxe5 13. Ba3 {zu spät.}) 11. cxb5 (11. f4
{zog ich auch in Betracht, aber die Folge} bxc4 12. fxe5 dxe5 13. Ba3 Nxd3 $5
14. Bxf8 Kxf8 {war mir unklar.}) 11... a6 12. bxa6 Rxa6 (12... Bxa6 13. f4 $16)
13. f4 ({Besser war} 13. Nc2 Be6 14. Nb4 $16) 13... h6 {Gegen Bg5 gerichtet,
aber Schwarz musste versuchen, schneller zu agieren.} ({Trotzdem scheinen die
Alternativen} 13... Be6 14. c4 (14. fxe5 dxe5 15. Bg5 Bxa2 16. Bxf6 gxf6 $13)
14... Qa8 15. f5 $5 Bd7 16. Rf2 $16 {[%cal Gg3g4,Gg4g5]}) ({und} 13... Bd7 14.
fxe5 (14. d4 exd4 15. e5 dxe5 16. fxe5 Nfe4 17. Qxd4 Ra4 18. Qe3 $14) 14...
dxe5 15. Bg5 $16 {[%cal Rg5d8] für Weiss sehr günstig.}) 14. Nc2 Bd7 $2 {
Nach diesem Zug gewinnt Weiss Material und steht praktisch auf Gewinn.} (14...
Na4 15. Nb4 Ra8 16. Qc2 $16) (14... Bg4 15. Qd2 $16) 15. fxe5 dxe5 16. Ba3 Rxa3
(16... Bg4 17. Bf3 Bxf3 18. Qxf3 {ist hoffnungslos}) ({und auf} 16... Qe7 {
wollte ich} 17. Bb4 $1 {spielen} ({etwas Gegenspiel erlaubt} 17. d4 Rxa3 18.
Nxa3 Ncxe4 $16) 17... Bg4 (17... Rb8 18. d4) 18. Qe1 $1 {mit Gewinn}) 17. Nxa3
Ba4 18. Qb1 Nxd3 19. Nc4 Qd7 20. Ne3 Rd8 (20... Qd6 21. Kh1 $18) 21. Nd5 (21.
Rxf6 gxf6 22. Nd5 Qb5 $13) 21... Nxd5 22. Qxd3 Nb6 23. Qxd7 Rxd7 24. Bf3 {
[%csl Rd1] Das Endspiel ist für Weiss gewonnen, aber es gibt noch einige
technische Schwierigkeiten. Die erste Hürde besteht in dem Umstand, dass
Schwarz die d-Linie kontrolliert.. Mit dem Textzug plane ich mittels Bd1 den
Ba4 zu jagen.} Kf8 (24... Rd3 25. Bd1 Bc6 ({oder} 25... Bxd1 26. Rfxd1 Rxc3 27.
Rdc1) 26. Bb3) 25. Bd1 Bc6 $6 $138 (25... Rd3 26. Bxa4 Nxa4 {war hartnäckiger.}
) 26. Bb3 Na4 ({Nach} 26... Bxe4 27. Rad1 {gelingt es Weiss ebenfalls, einen
Turm zu tauschen, was seine Aufgabe erleichtert. Der Rest ist klar.}) 27. Rad1
Rxd1 28. Rxd1 Nxc3 29. Rd8+ Ke7 30. Rc8 Kd6 (30... Kd7 31. Rg8) 31. Bxf7 Nxe4
32. Rg8 Ng5 $6 33. Rxg7 Nf3+ 34. Kf2 Nxh2 35. Bh5 e4 36. Rg6+ Kc5 37. Rxh6 Bd5
38. Be2 Nf3 39. Bxf3 exf3 40. Rh5 Kd4 41. Rxd5+ Kxd5 42. Kxf3 Kd4 43. g4 1-0

[Event "Biel GM"]
[Site "Biel"]
[Date "2001.07.23"]
[Round "1"]
[White "Pelletier, Yannick"]
[Black "Lautier, Joel"]
[Result "1/2-1/2"]
[WhiteElo "2531"]
[BlackElo "2675"]
[Annotator "Pelletier,Y"]
[PlyCount "102"]
[EventDate "2001.07.23"]
[EventType "tourn"]
[EventRounds "10"]
[EventCountry "SUI"]
[EventCategory "16"]
[SourceTitle "CBM 085"]
[Source "ChessBase"]
[SourceDate "2001.11.13"]
[SourceVersion "1"]
[SourceVersionDate "2001.11.13"]
[SourceQuality "1"]

1. Nf3 Nf6 2. c4 e6 3. Nc3 Bb4 4. g3 O-O 5. Bg2 d5 6. Qb3 c5 7. O-O Nc6 8. d3
h6 9. Bf4 $5 {Eine selten gespielte Fortsetzung, die mir aber logisch
erscheint. Weiss möchte das Feld e5 kontrollieren.} Re8 10. Ne5 Nxe5 11. Bxe5
Nd7 (11... Ng4 {wurde in einer Partie Greenfeld-Grünfeld, gespielt, aber nach}
12. Bf4 e5 13. Bc1 {erhält Weiss klaren Vorteil wegen des schwachen Feldes d5.}
) ({Unbefriedigend ist ebenfalls} 11... d4 12. Nb5) 12. a3 $1 ({Das sichert
dem Anziehenden einen klaren Eröffnungsvorteil. Nach} 12. Bd6 {könnte Schwarz
mit dem Springer zurückkommen:} Nf6) 12... Bxc3 ({Joël trennt sich von seinem
Läuferpaar, da die Alternativen} 12... Ba5 13. Bd6 {[%csl Rc5] und}) (12...
Nxe5 13. axb4 {kaum Gegenchancen bieten. Nun erhält Schwarz zumindest ein
starkes Zentrum.}) 13. Bxc3 d4 14. Bd2 e5 15. Qa4 ({Die Dame steht auf a4
etwas exponiert, aber ich wollte das defensive Mannöver} 15. Qc2 Rb8 16. b4 b6
{nicht gestatten. Trotzdem wäre nun} 17. Qa4 $1 {sehr unangenehm.}) 15... f5
16. e3 $6 ({Ich versuchte das Zentrum zu öffnen, da Schwarz noch nicht
vollentwickelt ist. Aber besser wäre} 16. b4 {gewesen, z.B:} e4 17. Bf4 {
[%csl Rc5] und der Nd7 kann sich nicht bewegen. 18.Bd6 sieht wie der normale
nächste Zug des Weissen.}) 16... e4 17. Rad1 Nf6 ({Nach} 17... Ne5 $6 {schlägt
Weiss einfach zweimal auf e4.}) 18. b4 Bd7 19. Qb3 b6 20. Rfe1 $2 ({Schwarz
hat all seine Kräfte bald organisiert. Nur braucht noch, den Ra8 aus der
langen Diagonale zu ziehen, und er könnte sogar mit Vorteil rechnen. Aus
diesem Grund hätte ich direkt handeln, und nicht langsam meine Stellung
verbessern sollen. Richtig war} 20. Bc1 {[%csl Rd4,Re4]} Be6 21. dxe4 (21. exd4
$6 cxd4 22. dxe4 Rc8 23. Qb2 Rxc4 $13) 21... b5 (21... fxe4 22. exd4 cxd4 23.
Bb2 $16 d3 $140 24. Bxf6 Qxf6 25. Bxe4) 22. exf5 (22. bxc5 bxc4 $1 23. Qa4 d3
24. exf5 Bd5 25. e4 Nxe4 26. Rfe1 Nf6 27. Rxe8+ Nxe8 $36) 22... Bxc4 23. Qc2
Bxf1 24. Kxf1 (24. Bxa8 $6 d3) 24... cxb4 25. Bc6 $1 $36) 20... Rc8 21. exd4 $6
({Wieder ein schwacher Zug, wobei ich die Schwäche meines Bauern c4 nicht
erkannte. Nach} 21. Bc1 Be6 22. dxe4 fxe4 23. Bb2 Bg4 24. exd4 Bxd1 25. Rxd1
cxd4 26. Bxd4 $44 {[%csl Gd4,Gg2] besässe Weiss immer noch gute Perspektiven.})
21... cxd4 22. Bc1 Be6 (22... exd3 $2 23. Qxd3 Ba4 24. Rxe8+ Qxe8 25. Rf1 $14)
23. b5 ({Erst jetzt bemerkte ich, dass das geplante} 23. Bb2 $2 {an} b5 {
[%csl Rc4] scheitert.} 24. dxe4 bxc4 25. Qa4 c3 {ergäbe kein glückliches Ende.}
) 23... Bf7 ({Besser als} 23... exd3 24. Bc6 $1 Bd7 25. Rxe8+ Qxe8 26. Bxd7
Qxd7 27. Qxd3 $14) 24. Bb2 exd3 ({Die Alternativen} 24... Bh5 25. dxe4 $1 Bxd1
26. Rxd1 Nxe4 27. c5+ Kh7 28. c6 $14 {[%csl Gc6]}) ({und} 24... e3 25. fxe3
dxe3 26. Bc6 $1 {(/\ d4) wären dem Anziehenden günstig.}) 25. Rxe8+ Qxe8 26.
Qxd3 Bxc4 27. Qxd4 $6 ({Ich dachte, dass mein Läuferpaar genügend Kompensation
für den Bauern sichern würde, aber Schwarz steht dann besser. Andererseits
befürchtete ich, dass im Fall von} 27. Qxf5 Rd8 $15 {der Freibauer zu stark
werden könnte.}) 27... Bxb5 (27... Qxb5 28. Rc1 Be6 29. Rxc8+ Bxc8 30. Qd8+ Kh7
31. Qxc8 Qxb2 32. Qxf5+ {mit Remis.}) 28. Qd6 Ba4 29. Rf1 Qd7 30. Qxd7 {
Mit wenig Zeit auf der Uhr entschied ich mich für diesen Zug. Ich hatte auch
in Sicht, ein Endspiel mit ungleichfarbigen Läufern zu erhalten. Dazu kam es
aber nicht.} Nxd7 31. Bd5+ Kf8 32. Be6 Rc2 ({Schlechter ist} 32... g6 33. Rc1
$1 {[%csl Rh6][%cal Gb2c1]}) 33. Bc1 ({Der Abtausch} 33. Bxd7 Bxd7 34. Be5 Bc6
{würde bloss zu Schwierigkeiten führen, da Schwarz den viel aktiveren Turm
besitzt.}) 33... Ne5 $6 ({Ebenfalls in Zeitnot verirrt sich Joël. Dank} 33...
Rc5 34. Be3 Re5 35. Bxd7 Bxd7 36. Rc1 Ra5 $15 {hätte er weiter Druck machen
können.}) 34. Bxf5 Re2 35. f3 $2 ({Keine Ahnung, wieso ich} 35. f4 {gar nicht
in Betracht zog! Die Stellung wäre dann unklar.}) 35... Bc6 36. Be4 Bxe4 37.
fxe4+ Ke7 38. Bf4 Nd3 $2 (38... Rxe4 {hätte den Abtausch auf e5 praktisch
erzwungen, wonach ein gewonnenes Turmendspiel erscheinen würde.}) 39. Bb8 a6
40. Rd1 Re1+ $6 ({Immer noch unangenehm wäre meine Aufgabe nach} 40... Nc5 41.
Bc7 Nxe4 42. Bxb6 Nd2 $15 {[%csl Rg1] gewesen. Nach dem Turmtausch gleichen
sich die Chancen aus.}) 41. Rxe1 Nxe1 42. Ba7 (42. Kf2 Nc2 $11) 42... b5 43.
Kf2 Nd3+ 44. Ke3 Ne5 45. Bc5+ Ke6 46. h3 g6 47. g4 h5 48. gxh5 gxh5 49. Bb4 a5
50. Bc3 Nc4+ 51. Kf4 Nxa3 1/2-1/2

[Event "Zuerich op 26th"]
[Site "Zuerich"]
[Date "2002.12.28"]
[Round "4"]
[White "Pelletier, Yannick"]
[Black "Pedersen, Nicolai Vesterbaek"]
[Result "1-0"]
[WhiteElo "2587"]
[BlackElo "2495"]
[Annotator "Pelletier,Y"]
[PlyCount "167"]
[EventDate "2002.12.26"]
[EventType "swiss"]
[EventRounds "7"]
[EventCountry "SUI"]
[SourceTitle "CBM 091 Extra"]
[Source "ChessBase"]
[SourceDate "2003.01.09"]
[SourceVersion "1"]
[SourceVersionDate "2003.01.09"]
[SourceQuality "1"]

1. Nf3 Nf6 2. c4 e6 3. Nc3 Bb4 4. Qb3 c5 5. g3 O-O 6. Bg2 d5 7. O-O Nc6 8. d3
h6 9. Bf4 Re8 10. Ne5 Nxe5 11. Bxe5 Nd7 12. a3 Bxc3 13. Bxc3 d4 14. Bd2 Rb8 ({
Mein Gegner kannte zwar meine Partie aus Biel 2001 gegen Lautier, aber er
verbrauchte trotzdem viel Zeit in der Eröffnung. Der Textzug ist sicher besser
als} 14... e5 {, wie Lautier spielte, er löst aber die schwarzen Probleme
nicht.}) 15. Qa4 a6 {(=)} 16. b4 b5 ({Nach diesem Zug wird der Bauer d4 immer
zum Sorgenkind. Deshalb kam es in Frage, rückhaltend} 16... b6 $5 {zu spielen,
und erst nach} 17. e3 b5 {Trotzdem habe ich das Gefühl, dass das weisse
Läuferpaar in die entstehenden Verwicklungen eine wichtige Rolle spielen
könnten.}) 17. cxb5 axb5 ({Nach} 17... Rxb5 18. Bc6 Rb6 19. Rfc1 Qc7 20. Bxd7
Bxd7 21. Qa5 {gewinnt Weiss einen Bauern.}) 18. Qc2 ({Meine erste Absicht war} 
18. Qa7 {[%csl Rd4][%cal Ga7d4] , was vor allem den Bauern d4 im Visier behält.
Aber dann wurde mir klar, dass sich Schwarz ohnehin entwickeln kann mittels}
Bb7 $1 {Mir gelang es nicht, einen Weg zum Vorteil zu finden, z.B:} 19. Rfc1 (
19. Bxb7 Qc7 20. Rfc1 Rxb7 21. Qa6 Reb8 $1) ({oder} 19. bxc5 $2 Bxg2 20. Kxg2
Ra8 21. Qb7 Nxc5 22. Qxb5 Qd5+ 23. Kg1 Reb8 {sind kaum erfreulich}) 19... Bxg2
20. Kxg2 Ra8 21. Qb7 Rb8 {und die Dame muss zu einem unglücklichen Feld, um
die Zugswiederholung zu vermeiden.}) 18... cxb4 19. Bxb4 Bb7 20. Bxb7 Rxb7 21.
Rfc1 {[%cal Gc1c8] Natürlich hat Weiss die volle Kontrolle über die c-Linie,
wobei der Läufer auch die bessere Leichtfigur ist. Aber Schwarz hat eine
solide Stellung und verteidigt fest seine kleinen Schwächen.} Nb6 22. Qc6 Qd7
23. Qxd7 ({Auch} 23. Qe4 {kam in Betracht, aber die schwarze Dame kann ihre
weisse Kollegin mittels} Qd5 {verfolgen. Falls Weiss nun den Abtausch mittels}
24. Rc5 {anbietet, gleicht Schwarz nach} Qxe4 25. dxe4 Na4 $1 {aus, z.B:} 26.
Rc6 Nc3 27. Bxc3 dxc3 28. Rxc3 Ra8 29. Rb1 Rba7 {und das Turmendspiel wird
Remis enden.}) 23... Nxd7 24. Rc6 Nf6 25. Rac1 ({Es ist für den Nachziehenden
äusserst wichtig, dass er nicht e6-e5 spielt. Das Feld d5 soll er nämlich für
den Springer gut decken, denn dort wird der Ross die ganze Verteidigung
zusammenhalten. Als Alternative betrachtete ich auch} 25. Bd6 {aber es gefiel
mir nicht, dass sich Schwarz mittels} Nd5 $5 26. Be5 b4 27. Bxd4 bxa3 28. Rxa3
{seiner Schwäche b5 entledigen kann.}) 25... Nd5 26. Kg2 {Weiss hat nichts
gegen den Abtausch auf b4, denn seine Türme sind viel aktiver.} Rbb8 $5 27. Kf3
Ra8 28. R6c5 Reb8 29. R1c2 (29. Ke4 {ist wegen} Nxb4 30. axb4 Ra4 31. Rb1 Ra2 {
verfrüht.}) 29... Ra4 30. Rb2 f5 ({Vielleicht stellte} 30... f6 {eine bessere
Verteidigung dar. Weiss könnte dann einen Bauern mittels} 31. Ke4 Rd8 32. Rxb5
Nc3+ 33. Bxc3 dxc3+ 34. R2b4 Rxa3 35. Rc4 {gewinnen, aber der Punkt wäre
längst nicht im Sack.}) 31. Rc6 Kf7 32. Bd6 {[%csl Rb5,Rd4,Rg7][%cal Gd6e5,
Gb2b5]} Rb7 33. Rb3 Kf6 $6 ({Uns wurde die Zeit langsam knapp, sodass nicht
mehr präzis gedacht werden konnte. Der sofortige} 33... g5 {[%csl Yf3] sieht
besser aus, was den weissen König weiter zu beschränken droht.}) 34. Rc8 $1 {
[%csl Rf6][%cal Gc8f8]} g5 ({Nach} 34... Rb6 35. Rf8+ Kg6 36. Be5 {[%csl Gg7]
werden die weissen Figuren bedrohlich.}) 35. Rh8 $1 Ra6 $6 ({Im Falle von} 
35... Rb6 {wollte ich den Läufer für einige Bauern geben:} 36. Rxh6+ $5 Kg7 37.
Rxe6 Kf7 38. Re5 Rxd6 39. Rxb5 {Trotzdem wären die weissen Gewinnchancen nach}
Ne7 ({oder} 39... Nf6 40. Rxf5 g4+ 41. Kg2 Rxa3 42. h3 gxh3+ 43. Kxh3 $14) 40.
Rb7 Re6 41. Rxf5+ Kg6 42. Rf8 Rxa3 {ziemlich gering}) ({Besser wäre aber} 35...
Kg6 36. Be5 Ne7 {mit ausgezeichneten Remischancen.}) 36. Bc5 (36. Bf8 {habe
ich während der Partie gar nicht gesehen, aber nach} g4+ 37. Kg2 Rc6 {[%csl
Rg2][%cal Gc6c2,Gc2e2] erhält Schwarz Gegenspiel.}) 36... Ke5 37. e3 $1 {
[%csl Gd4,Re5]} dxe3 (37... g4+ 38. Ke2 Nc3+ (38... dxe3 39. fxe3 Rc6 40. Rxh6
$16) 39. Kd2 $16 {ist jetzt nicht so wirksam.}) 38. fxe3 Kf6 39. e4 $138 ({
Im Fall von} 39. Rxh6+ Kg7 40. Rh5 g4+ 41. Ke2 b4 $1 $132 {bleibt der Rh5 vom
Schlachtfeld geschnitten, sodass Schwarz gegen den weissen König Drohungen
aufstellen.}) 39... fxe4+ $138 40. dxe4 Rf7 $1 {Mit hängendem Blättchen findet
mein dänischer Gegner diese geistreiche Rettung.} 41. Ke2 Kg7 42. Rb8 Nf6 (
42... Nc7 43. h4 $5 $40 {[%csl Rg7]}) 43. R8xb5 ({Weiss gewinnt einen Bauern
mittels} 43. e5 Nd7 44. R8xb5 {, aber das entstehende Turmendspiel wird er
nicht gewinnen können:} Nxc5 45. Rxc5 Rfa7 46. Rcc3 Ra5 47. Re3 g4 $11 {
[%cal Gg7g6,Gg6f5]}) (43. Bd4 Ra4 {[%csl Re4]}) 43... Nxe4 44. Bd4+ Nf6 (44...
Kg6 45. Rb6 Rxb6 46. Rxb6 Re7 47. a4 $16) {Die Chancen des Anziehenden sind
vorzuziehen, da er die stärkere Leichtfigur besitzt, so wie einen entfernten
Freibauern. Um Fortschritte zu erzielen, muss er ein Turmpaar tauschen 
(wünschenswert wäre es, wenn der Ra6 verschwinden würde). Aber trotz allem
bleibt die Remistendenz hoch, da Schwarz eine gute zentrale Verteidigung
aufstellen kann.} 45. Rb6 $1 Rfa7 $2 ({Aber nicht so! Der Textzug verliert
einen Bauern, wonach das Turmendspiel nicht zu retten ist. Nach} 45... Ra4 $6 {
wollte ich mit} 46. R3b4 $1 {weiterfahren. Falls Schwarz den Bauern a3
einkassiert, gerät er in eine tödliche Fesselung, wie die folgenden Varianten
zeigen:} Rxa3 47. Rxe6 {[%csl Rf6][%cal Gd4g7,Gb6g6,Gb4b6]} Ra2+ (47... Ra8 48.
Rbb6 Raf8 49. g4 Kg6 50. Kf3 Kg7 51. Kg3 Kg6 52. h4 Kg7 53. h5 {und Schwarz
verliert wegen Zugzwang eine Figur}) (47... g4 {[%csl Yf3][%cal Ga3f3]} 48. Bb2
{[%cal Gb4g4]} Ra2 49. Ke3 $18) 48. Ke1 Ra3 49. Rbb6 Rf3 50. g4 {(sonst
sichert Schwarz seinem Turm das Feld f3 mit ...g4)} Rf4 51. Rbd6 Kg6 52. h3 Kg7
53. Ke2 Kg6 54. Be5 Re4+ 55. Kf2 $18) ({Richtig war aber} 45... Rxb6 46. Rxb6 (
{oder} 46. Bxb6 Nd5 47. Bd4+ Kg6 48. a4 Rc7 $132 {und die schwarzen Figuren
werden plötzlich aktiv}) 46... Rd7 $1 {gefolgt von Kf7 und Nd5, wonach Schwarz
remisieren sollte.}) 46. Rxa6 Rxa6 47. Rf3 e5 48. Bxe5 Re6 49. Re3 ({
Vermutlich vergass Pedersen, dass der Textzug, wie auch} 49. Rf5 {, überhaupt
möglich sind.}) 49... Kg6 50. Bxf6 Rxf6 51. a4 {Mit dem Turm hinter dem
Freibauern, sollte der Punkt leicht in den Korb fallen. Aber mit kaum mehr als
5 Minuten, um die Partie zu beenden, war ich noch nicht ganz entspannt...} Rb6
52. Ra3 Rb2+ 53. Ke3 Rxh2 54. a5 Rg2 55. Kf3 Rg1 56. a6 Rf1+ 57. Kg2 Rf8 58. a7
Ra8 59. Ra6+ $6 ({Schon längst hatte ich} 59. g4 {geplant, was nach z.B.} Kf6
60. Ra5 Ke6 61. Kf3 Kf6 62. Ke4 Kg7 63. Ra6 Kh7 64. Kd5 Kg7 65. Kc5 Kh7 66. Kb6
{leicht gewinnt. Aber aus irgendeinem Grund gab ich das Schach auf a6.}) 59...
Kf5 60. Kf3 $6 ({Das macht nun die Sache gar nicht so einfach. Immer zu g4
konnte Weiss mittels} 60. Ra5+ Kg4 61. Ra4+ Kh5 62. Kf3 {kommen.}) 60... h5 61.
Ra5+ Ke6 62. Ke4 Kd6 $6 (62... h4 {rettet zwar nicht die Partie, aber ich bin
mir nicht sicher, ob ich den Gewinnweg mit so wenig Zeit hätte finden können.}
63. g4 Kf6 64. Ra1 $1 ({Genauer als} 64. Ra6+ Kg7 $1 (64... Kf7 $2 65. Kd5 h3
66. Kc6 h2 67. Ra1 Ke6 (67... Kf6 68. Kb7 Rxa7+ 69. Kxa7 Ke5 70. Rf1 $18) 68.
Re1+ $1 $18) 65. Ra1 Kf6 {, wonach Weiss den schwierigen Gewinnzug 66.Ra2!
finden muss.} 66. Kd5 $2 {hingegen macht nur Remis wegen} h3 67. Kc6 Ke5 68.
Kb7 Rxa7+ 69. Kxa7 Kf4 $11) 64... Kg7 (64... Kf7 65. Kd5) (64... Kg6 65. Kd5 h3
66. Kc6 h2 67. Kb7) (64... Ke6 65. Ra6+ Kf7 (65... Ke7 66. Kf5) 66. Kd5 $18 {
(siehe die Variante unter 64.Ra6 Kf7)}) 65. Kd5 h3 66. Kc6 Kf6 67. Kb7 Rxa7+
68. Kxa7 Ke5 69. Rf1 {usw. Weiss gewinnt.}) 63. Kf5 h4 64. g4 h3 65. Ra2 Ke7 ({
Im Falle von} 65... h2 66. Rxh2 Rxa7 67. Rh6+ {[%cal Gh7a7] verliert Schwarz,
weil sein König nicht in Richtung Umwandlungsfeld zurückkommen kann.}) 66. Kxg5
Kf8 (66... Ke6 67. Kf4 $1 h2 68. Rxh2 Rxa7 69. Rh6+ $18 {ist diesselbe
Geschichte.}) 67. Kg6 Ke7 68. g5 Ke6 69. Re2+ Kd5 70. Rh2 Rxa7 71. Rxh3 Ke5 72.
Rf3 Ra1 73. Kg7 Rg1 74. g6 Ke6 75. Kh7 Rh1+ 76. Kg8 Ke7 77. g7 Ra1 78. Rh3 Rg1
79. Kh7 Kf7 80. Rf3+ Ke7 81. g8=Q Rh1+ 82. Kg7 Rg1+ 83. Kh8 Rh1+ 84. Qh7+ 1-0

[Event "Olympiad-23"]
[Site "Buenos Aires"]
[Date "1978.10.27"]
[Round "3"]
[White "Suba, Mihai"]
[Black "Polugaevsky, Lev"]
[Result "1/2-1/2"]
[WhiteElo "2430"]
[BlackElo "2620"]
[Annotator "Polugaevsky,L"]
[PlyCount "41"]
[EventDate "1978.10.25"]
[EventType "team-swiss"]
[EventRounds "14"]
[EventCountry "ARG"]
[SourceTitle "EXT 2000"]
[Source "ChessBase"]
[SourceDate "1999.11.16"]
[SourceVersion "1"]
[SourceVersionDate "1999.11.16"]
[SourceQuality "1"]
[WhiteTeam "Romania"]
[BlackTeam "Soviet Union"]
[WhiteTeamCountry "ROU"]
[BlackTeamCountry "URS"]

{Inf.26/22} 1. c4 Nf6 2. Nc3 e6 3. Nf3 b6 4. g3 Bb7 5. Bg2 Bb4 (5... Be7) 6.
O-O O-O 7. Qc2 c5 $6 (7... Bxc3 8. Qxc3 d5 $14) 8. Rd1 Nc6 9. b3 $1 Bxc3 (9...
d5 10. cxd5 exd5 11. Na4 $1 {/\ a3+/-}) 10. dxc3 (10. Qxc3 d5 $11) 10... Qe7 (
10... Ne8 11. Ne5 $16) 11. Bf4 d5 (11... Ne8 12. Ne5 Rd8 13. Nxc6 Bxc6 14. Bxc6
dxc6 15. Rxd8 Qxd8 16. Rd1 $16) 12. cxd5 exd5 (12... Nxd5 13. Ng5 (13. Bg5 $1
$16)) 13. Bg5 (13. Nh4 $5) 13... h6 $1 14. Bxf6 Qxf6 15. Rd2 $14 (15. Rxd5 $2
Nb4 $17) 15... Nb4 $1 16. Qb2 Na6 17. Rad1 Nc7 18. Ne1 Rab8 $1 {[/\ Nb5]} 19.
a4 Ba8 20. Nd3 (20. b4 $5) 20... Ne6 $11 21. Ne1 (21. Ne1 d4 22. cxd4 Bxg2 23.
Kxg2 Nxd4 24. e3 Qc6+ 25. Kg1 Ne6) 1/2-1/2